ARRUPE JESUIT UNIVERSITY

CORONAVIRUS -STOP THE SPREAD - CLEAN,DISINFECT,COVER

We are Together (Record no. 119963)

MARC details
000 -LEADER
fixed length control field 00492nam a22001457a 4500
008 - FIXED-LENGTH DATA ELEMENTS--GENERAL INFORMATION
fixed length control field 140205b xxu||||| |||| 00| 0 eng d
050 ## - LIBRARY OF CONGRESS CALL NUMBER
Classification number BX3703.5
100 ## - MAIN ENTRY--PERSONAL NAME
Personal name Serrano-Ordonez, Jorge Eduado
9 (RLIN) 8044
245 ## - TITLE STATEMENT
Title We are Together
Remainder of title come to see, discern and embrace the mission
Statement of responsibility, etc Jorge Eduardo Serrano-Ordonez SJ.
260 ## - PUBLICATION, DISTRIBUTION, ETC. (IMPRINT)
Place of publication, distribution, etc Roma
Name of publisher, distributor, etc Society of Jesus
Date of publication, distribution, etc 2012
300 ## - PHYSICAL DESCRIPTION
Extent 31p. ;
Dimensions 28cm.
500 ## - GENERAL NOTE
General note from internet
650 ## - SUBJECT ADDED ENTRY--TOPICAL TERM
Topical term or geographic name as entry element Jesuits
General subdivision Apostolate
-- Fund raising
9 (RLIN) 8045
942 ## - ADDED ENTRY ELEMENTS (KOHA)
Source of classification or shelving scheme Library of Congress Classification
Item type Monograph ( Printed materials)
Holdings
Withdrawn status Lost status Source of classification or shelving scheme Damaged status Not for loan Collection code Home library Current library Shelving location Date acquired Total Checkouts Full call number Barcode Date last seen Price effective from Koha item type
    Library of Congress Classification     Main Collection ARRUPE LIBRARY ARRUPE LIBRARY Main Collection 05/02/2014   BX3703.5 46411900 22/11/2017 05/02/2014 Monograph ( Printed materials)

 

Arrupe Library. PO Box MP320 Mt Pleasant, Harare, Zimbabwe
263 242 745411|librarian@aju.ac.zw